| 000 | 01195nam a22003377a 4500 | ||
|---|---|---|---|
| 003 | CHAP | ||
| 005 | 20220329133841.0 | ||
| 008 | 971013s1971 r 00010 d | ||
| 010 | _a11782 | ||
| 011 | _a12754 | ||
| 035 | _a16307 | ||
| 040 | _cCHAP | ||
| 082 |
_a631.46 _bP5 |
||
| 100 | 0 | 0 |
_aPhillipson, J. _987846 |
| 245 |
_aMethods of study in quantitative soil ecology _b: population, production and energy flow |
||
| 260 |
_aLondon : _bInternational Biological Programme, _c1971 |
||
| 300 | _a297 p. | ||
| 490 |
_aInternational Biological Programme. Handbook _v; 18 |
||
| 590 |
_aBATCH-UPD _b10 _c20130110 _lUCH01 _h0208 |
||
| 590 |
_aBATCH-UPD _b10 _c20130110 _lUCH01 _h1915 |
||
| 590 |
_aBATCH-UPD _b10 _c20130410 _lUCH01 _h1242 |
||
| 590 |
_aBATCH-UPD _b10 _c20130914 _lUCH01 _h1650 |
||
| 590 |
_aCONVERSION _b10 _c20130109 _lUCH01 _h1308 |
||
| 650 | 1 | 4 |
_aSuelos _xEcologĂa. _9110343 |
| 710 | 0 |
_aInternational Biological Programme. _959554 |
|
| 830 | 0 |
_aInternational Biological Programme. Handbook _v; 18 _959557 |
|
| 901 | _aBK | ||
| 942 | _cLIBRO | ||
| 949 |
_a631.46 M4 _bF _cLIBRO _d-28535 _eLIBRO _h2247 _i16307 _si |
||
| 949 |
_a631.46 P5 _bBC _cLIBRO _d33724000078481 _eLIBRO _h66345 _i16307 _si |
||
| 999 |
_c11782 _d11782 |
||